01733nam a22002537a 4500001000500000005001700005020001800022040003200040082001000072100002000082245016800102250010200270260003500372300004800407490003900455505000800494520060300502520017801105521002901283521002001312650008401332650003101416700003201447131720240906143509.0 a9789995054823 aFISKH bengcFISKH dFISKH  a636.7 aTithseyha, Eam  aអាព្រីង / cនិពន្ធរឿងដោយ អៀម ទិត្យសីហា - គូររូបដោយ សេង វិសុទ្ធ  aបោះពុម្ពលើកទី ៩ខែកក្កដា ឆ្នាំ ២០២១  aPhnom Penh : bSipar, c2021.  a36 pages : bcolor illustrations ; c25 cm  aខ្ញុំចង់អាន  aP  aចាន់ណា ចង់បានឆ្កែស្អាតមួយ តែផ្ទុយទៅវិញ ឪពុករបស់នាងបានយកអាព្រីងដែលមានសម្បុរខ្មៅ រូបអាក្រក់មកឳ្យនាងចិញ្ចឹម ឈ្មោះ អាព្រីង​។ នាងស្អប់វាណាស់ ហើយក៏បានយកវាទៅបោះបង់ចោល តែអាព្រីងជាអ្នកដែលបានជួយសង្គ្រោះជិវិតរបស់នាង។  aChanna wants a beautiful dog. Instead of that, her father adopts an ugly black dog name Ah Pring. She hated it and abandoned it, but Ah Pring was the one who saved her life. a650 bLexile estimate  aP bRaz-Plus  aអាព្រីង vជួយសង្គ្រោះ xបោះបង់  aAh Pring vSave xAbandon  aVisoth, Seng cillustrator